| 000 | 01395nam a2200229Ia 4500 | ||
|---|---|---|---|
| 003 | Ost | ||
| 005 | 20260507075713.0 | ||
| 008 | 260507s9999||||xx |||||||||||||| ||und|| | ||
| 020 | _a9789947031391 | ||
| 040 | _cfsecg | ||
| 041 | _aara | ||
| 082 | _a338.5 | ||
| 100 |
_aالداوي، الشيخ _eمؤلف |
||
| 245 | 0 |
_aاقتصاد وتسيير المؤسسة : _bالمفاهيم و النظريات، البيئة و الاستراتيجيات، الوظائف و الهياكل / _c الشيخ الداوي |
|
| 260 |
_aالجزائر: _bدار هومة, _c2011 |
||
| 300 |
_a221 صفحة؛ _bإيضاحات ؛ _c23 سم |
||
| 504 | _aمراجع ص.211 | ||
| 520 | _aتناول هذا الكتاب ست فصول، مفهوم المؤسسة والمقاول في الفكر الاقتصادي، ومقاربات تعريف المؤسسة بالإضافة إلى تسيير المؤسسة من منظور مدارس التسيير، وبعدها تناول بيئة المؤسسة، تعريفها، أنواعها، أهميتها بالنسبة للمؤسسة، وأخيرا الاستراتيجيات والهياكل مع الخصائص العامة للهيكلة والعوامل المؤثرة على هيكلها التنظيمي وتحليل وظائفها. | ||
| 653 | _aاقتصاد المؤسسة | ||
| 653 | _aالشركات-تنظيم وادارة | ||
| 942 | _cكتاب | ||
| 999 |
_c45908 _d45908 |
||